| 000 | 02200cam a22005414i 4500 | ||
|---|---|---|---|
| 003 | PE-LiUPU | ||
| 005 | 20250731180130.0 | ||
| 008 | 150625s2002 sp a rb 000 0 spa d | ||
| 020 | _a8420009911 | ||
| 035 | _a(Sirsi) i9788420009919 | ||
| 040 |
_aPE-LiUPU _bspa _cPE-LiUPU _erda |
||
| 049 | _aPRUA | ||
| 082 | 0 | 4 |
_a576.163 _bL64 _221 |
| 245 | 0 | 0 |
_aAnálisis microbiológico de alimentos y aguas : _bDirectrices para el aseguramiento de la calidad / _cN. F. Lightfoot ed. |
| 264 | 1 |
_aZaragoza : _bAcribia, _c2002. |
|
| 300 |
_a235 páginas : _bilustraciones, tablas, figuras ; _c24 centímetros |
||
| 336 |
_atext _2rdacontent |
||
| 337 |
_aunmediated _2rdamedia |
||
| 338 |
_avolume _2rdacarrier |
||
| 504 | _aIncluye referencias bibliográficas al final de cada capítulo. | ||
| 505 | 0 | _aObjeto y campo de aplicación. -Implantación de un programa de aseguramiento de la calidad. -Personal, gestión y organización. -Toma de muestras. -Equipos. -Materiales. -Métodos cuantitativos y evaluación de procedimientos. -Control de la calidad análítica en microbiología. -Tratamiento e informe de resultados. -Acreditación. | |
| 526 | _aSEG44 | ||
| 526 | _aSEG26 | ||
| 526 | _aP159 | ||
| 526 | _aP155 | ||
| 526 | _aP154 | ||
| 526 | _aP153 | ||
| 526 | _aP150 | ||
| 526 | _aP100 | ||
| 526 | _aP31 | ||
| 526 | _aP30 | ||
| 526 | _aP26 | ||
| 526 | _aP25 | ||
| 526 | _aP24 | ||
| 526 | _aP22 | ||
| 526 | _aP15 | ||
| 526 | _aP10 | ||
| 541 | _g001-022575; | ||
| 650 | 1 | 4 |
_aAgua _xMicrobiología _xControl de calidad. |
| 650 | 1 | 4 |
_aAlimentos _xMicrobiología _xControl de calidad. |
| 700 | 1 |
_aLightfoot, N. F., _eeditor. |
|
| 700 | 1 |
_aMaier, E.A, _eeditor. |
|
| 942 |
_2ddc _cBOOK |
||
| 949 |
_a576.163 L64 _wDEWEY _c1 _i55570 _d2016-11-13 _e2016-11-13 _lCCODEBUL1 _mBUL _n4 _p46.00 _r0 _sY _tBOOK _u2015-6-25 _xINGENIERIA _PP24 _0COMPRA _o.STAFF. Colección General |
||
| 994 |
_aC0 _bPEPRU |
||
| 596 | _a1 | ||
| 999 |
_a576.163 L64 _wDEWEY _c44442 _i55570 _d44442 _e2019-8-29 _f2021-11-9 _g7 _lCCODEBUL1 _mBUL _n7 _p46.00 _r0 _sY _tBOOK _u2015-6-25 _xINGENIERIA _PP24 _0COMPRA _o.STAFF. Colección Ingeniería y Arquitectura |
||
| 980 |
_81 _gALBERTO SANCHEZ Responsable de Automatización |
||